000 nam a22 7a 4500
999 _c16775
_d16775
008 161116b xxu||||| |||| 00| 0 eng d
050 _aR 121 .D67 1938
245 _aAmerican pocket medical dictionary.
260 _aLondon:
_bW.B.Saunders company,
_c1938.
300 _a973p.
942 _2lcc
_cREF_BOOK
_hR 121 .D67 1938